|
|
|
|
| LEADER |
00000naa2a2200000 4500 |
| 001 |
492809 |
| 005 |
20231225153045.0 |
| 035 |
|
|
|a (RuTPU)RU\TPU\prd\162117
|
| 035 |
|
|
|a RU\TPU\tpu\21913
|
| 090 |
|
|
|a 492809
|
| 100 |
|
|
|a 20121207a1976 k y0rusy50 ca
|
| 101 |
0 |
|
|a rus
|
| 102 |
|
|
|a RU
|
| 200 |
1 |
|
|a Изучение тонких пленок Cuo и Cu2O методом позитронной аннигиляции
|f К. П. Арефьев, В. П. Арефьев
|
| 320 |
|
|
|a Библиогр.: с. 1062 (6 назв.)
|
| 461 |
|
0 |
|0 (RuTPU)RU\TPU\prd\1534
|x 0023-4761
|t Кристаллография
|o научный журнал
|f Академия наук СССР (АН СССР)
|d 1956-
|
| 463 |
|
0 |
|0 (RuTPU)RU\TPU\prd\162116
|t Т. 21, вып. 5
|v С. 1061-1062
|d 1976
|
| 610 |
1 |
|
|a труды учёных ТПУ
|
| 610 |
1 |
|
|a аннигиляция
|
| 610 |
1 |
|
|a тонкие пленки
|
| 700 |
|
1 |
|a Арефьев
|b К. П.
|c физик
|c профессор Томского политехнического университета, доктор физико-математических наук
|c член-корреспондент РАЕН
|f 1947-
|g Константин Петрович
|3 (RuTPU)RU\TPU\pers\19765
|9 7703
|
| 701 |
|
1 |
|a Арефьев
|b В. П.
|c математик
|c доцент Томского политехнического университета, кандидат физико-математических наук, менеджер
|f 1950-
|g Владимир Петрович
|3 (RuTPU)RU\TPU\pers\27692
|4 070
|
| 801 |
|
1 |
|a RU
|b 63413507
|c 20120913
|
| 801 |
|
2 |
|a RU
|b 63413507
|c 20121207
|g RCR
|
| 942 |
|
|
|c BK
|